epidemiological survey of the importance of cattle infectous disease within lutheran world federation target community oral district kampong speu province ( ការសិក្សាពីសភាពរាតត្បាតនៃជម្ងឺឆ្លងសំខាន់ៗលើគោនៅក្នុុងសហគមន៍ ប្រត្តិបត្តិការ ​lutheran world federation ស្រុកឱរ៉ាល់ ខេត្តកំពង់ស្ពឺ ) (Record no. 2007)

000 -LEADER
fixed length control field 00857nam a22001577a 4500
003 - CONTROL NUMBER IDENTIFIER
control field OSt
005 - DATE AND TIME OF LATEST TRANSACTION
control field 20151006110636.0
008 - FIXED-LENGTH DATA ELEMENTS--GENERAL INFORMATION
fixed length control field 151006b xxu||||| |||| 00| 0 eng d
040 ## - CATALOGING SOURCE
Transcribing agency RUA
082 ## - DEWEY DECIMAL CLASSIFICATION NUMBER
Classification number AVM KHO 2005 B074 Or.1
100 ## - MAIN ENTRY--PERSONAL NAME
9 (RLIN) 2136
Personal name KHOEURN, SOKHENG.
245 ## - TITLE STATEMENT
Title epidemiological survey of the importance of cattle infectous disease within lutheran world federation target community oral district kampong speu province ( ការសិក្សាពីសភាពរាតត្បាតនៃជម្ងឺឆ្លងសំខាន់ៗលើគោនៅក្នុុងសហគមន៍ ប្រត្តិបត្តិការ ​lutheran world federation ស្រុកឱរ៉ាល់ ខេត្តកំពង់ស្ពឺ )
260 ## - PUBLICATION, DISTRIBUTION, ETC. (IMPRINT)
Place of publication, distribution, etc. Phnom Penh
Name of publisher, distributor, etc. RUA
Date of publication, distribution, etc. 2003
300 ## - PHYSICAL DESCRIPTION
Extent ix, 67p.
Other physical details ill.
Dimensions 29cm.
942 ## - ADDED ENTRY ELEMENTS (KOHA)
Source of classification or shelving scheme
Koha item type AVM
Holdings
Price effective from Date last seen Permanent Location Not for loan Date acquired Source of classification or shelving scheme Koha item type Barcode Lost status Damaged status Shelving location Withdrawn status Current Location Full call number
2015-10-062015-10-06Library Block B 2015-10-06 AVMRUA015142  B074 Library Block BAVM KHO 2005 B074 Or.1
មជ្ឈមណ្ឌលឯការនៃសាកលវិទ្យាល័យភូមិន្ទកសិកម្មចំការដូង

Powered by Koha